Asian Capitals With Six Letters - One Minute Sprint - Statistics

General Stats
  • This quiz has been taken 42 times
  • The average score is 5 of 9
Answer Stats
capital % Correct
Manila
68%
Ankara
62%
Beirut
62%
Muscat
62%
Taipei
62%
Tehran
59%
Riyadh
53%
Astana
50%
Manama
38%
No matching quizzes found
Score Distribution
Percent of People with Each Score
Percentile by Number Answered
Your Score History
You have not taken this quiz